000 01064 a2200229 4500
001 34020
005 20260407155630.0
008 260407a2013 arg spa d
003 AR-UNSa-BCEJYS
040 _aAR-UNSa-BCEJYS
_bspa
_cAR-UNSa-BCEJYS
080 _a330.87
_xDoctrinas económicas de derecho social, solidarista, corporativa, religiosa, cooperativa, antroposófica, colectivista (economía social...)
245 1 0 _aLa pobreza de Clío
020 _a978-84-9892-527-2
264 1 _aBarcelona :
_bCrítica
_c2013
300 _a350 p.
_c23 cm.
505 _a1. La verdad en la cruz. Ciencia e ideología - 2. ¿Economía con rostro humano? - 3. El fantasioso mundo de Clío - 4. El mundo que perdimos. Historia microeconómica - 5. El mundo que perdimos. Perspectivas macroeconómicas - 6. Construir a partir del pasado
041 _aspa
942 _cBK
590 _aniveau_biblio:m niveau_hierar:0
100 1 _aBoldizzoni, Francesco
856 4 1 _uhttps://biblioeco.unsa.edu.ar/pmb/images/libros/la_pobreza_de_clio.jpg
_yImagen de portada
_qimage/jpeg
999 _c2412
_d2412